| 000 -LEADER |
| fixed length control field |
00291nam a22000977a 4500 |
| 008 - FIXED-LENGTH DATA ELEMENTS--GENERAL INFORMATION |
| fixed length control field |
171023b xxu||||| |||| 00| 0 eng d |
| 100 ## - MAIN ENTRY--AUTHOR'S NAME |
| Author's Name |
Rothschild, Sigmund |
| 245 ## - TITLE STATEMENT |
| Title |
The ABC stamp book and album |
| 260 ## - PUBLICATION, DISTRIBUTION, ETC. (IMPRINT) |
| Place of publication, distribution, etc. |
New York |
| Name of publisher, distributor, etc. |
Platt & Munk Co. |
| Date of publication, distribution, etc. |
1933 |
| 650 ## - TOPICAL TERM (Tag) |
| Topical term or geographic name |
Collecting -- Arrangement and Mounting |